Lembu liar

Bibliographic Details
Format: Book
Published: Kuala Lumpur : Penerbitan Hasratpelajar , 1994
Series:Buku awal binatang saya
Subjects:

MARC

LEADER 00000cam a2200000 7i4500
001 0000053513
005 20220105104159.0
008 151022
020 |a 9679749878 
090 0 0 |a ANM   |b MAL 
245 0 0 |a Lembu liar 
260 |a Kuala Lumpur :   |b Penerbitan Hasratpelajar ,   |c 1994 
490 1 |a Buku awal binatang saya 
500 |a Children age 4-6 years old (yellow) 
650 0 |a Animals 
650 0 |a Children's stories, Malay 
999 |a 0000422275   |b Book   |c Children Collection   |e Cawangan Pontian 
999 |a 0000573107   |b Book   |c Children Collection   |e Cawangan Pontian 
999 |a 0000589543   |b Book   |c Children Collection   |e Cawangan Pontian 
999 |a 0000777255   |b Book   |c Children Collection   |e Cawangan Pontian 
999 |a 0000777256   |b Book   |c Children Collection   |e Cawangan Pontian 
999 |a 0000777258   |b Book   |c Children Collection   |e Cawangan Pontian 
999 |a 0000777259   |b Book   |c Children Collection   |e Cawangan Pontian 
999 |a 0000791806   |b Book   |c Children Collection   |e Cawangan Segamat 
999 |a 0000791807   |b Book   |c Children Collection   |e Cawangan Segamat 
999 |a 0000791808   |b Book   |c Children Collection   |e Cawangan Segamat